| 000 | 00698nam#a2200229#c#4500 | ||
|---|---|---|---|
| 003 | IEF | ||
| 005 | 20180219163456.0 | ||
| 008 | 950601s1963 uuu####fr####| 0||u| |u | ||
| 040 | _aIEF | ||
| 100 | 1 |
_aMaravall Casesnoves, José Antonio _927661 |
|
| 245 | _aLos factores de la idea de progreso en el Renacimiento Español : discurso leido el dia 31 de Marzo de 1963 en el acto de su recepción pública | ||
| 260 |
_aMadrid _b [Diana] _c1963 |
||
| 300 |
_a146 p. _c24 cm. |
||
| 650 | 4 |
_aPENSAMIENTO ECONOMICO _947990 |
|
| 650 | 4 |
_aESPAÑA _941092 |
|
| 650 | 4 |
_aHISTORIA _945399 |
|
| 650 | 4 |
_aSIGLO XVI _948417 |
|
| 650 | 4 |
_aDISCURSOS _938996 |
|
| 942 | _cLIB | ||
| 942 | _z49807 | ||
| 999 |
_c81515 _d81515 |
||